Р.Чойном- хан хэнтийд (Бичлэгийн дугаар. 1151857)
[ энгийн харах ]
| 000 -Удирдлага | |
|---|---|
| Ном зүйн бүртгэл тоо буюу кодлох утгыг агуулсан | 00790nam a22002537a 4500 |
| 008 - ЕРӨНХИЙ МЭДЭЭЛЭЛ-ЭЛЕМЕНТҮҮДИЙН ӨГӨГДЛИЙН УРТ | |
| fixed length control field | 240821b mp ||||| |||| 00| 0 mon d |
| 020 ## - ОЛОН УЛСЫН СТАНДАРТ НОМЫН ДУГААР-ISBN | |
| Олон Улсын Стандарт Номын Дугаар | 978-99929-58-20-0 |
| 040 ## - ЭХ СУРВАЛЖИЙГ ТОДОРХОЙЛОН БИЧИХ | |
| Анхны каталогийн байгууллага | SE0153081 |
| Каталогийн хэл | Монгол |
| Бичлэг хийж нэвтрүүлэх байгууллага | MN-UlNLM |
| Өөрчлүүлэх байгууллага | MN-UlNLM |
| Бичиглэлийн тодорхойлолт | rda |
| 041 ## - ХЭЛНИЙ КОД | |
| Текстийн хэлний код/фонограм буюу салангид гарчиг | Монгол |
| 084 ## - БУСАД АНГИЛЛЫН ДУГААР | |
| Ангиллын нэр | Номын сан номзүйн ангилал |
| Анги | 83 |
| Зохиогчийн 3-н тэмдэгт | Н-923 |
| 100 ## - ЗОХИОГЧИЙН ХЭСЭГ | |
| Зохиогчийн нэр | Нэргүй Ц. |
| 245 #0 - ҮНДСЭН ГАРЧИГ | |
| Гарчиг | Р.Чойном- хан хэнтийд |
| 245 #0 - ҮНДСЭН ГАРЧИГ | |
| Гарчигт хамааралтай мэдээ | Р.Чойномын номын сан-16 |
| 245 #0 - ҮНДСЭН ГАРЧИГ | |
| Оролцогчдын тухай мэдээ | Ред. А.Шартолгой ,Д.Ганболд |
| 264 ## - ГАРАЛТЫН МЭДЭЭ | |
| Хэвлэгдсэн газар | УБ |
| Бүтээгч, хэвлэгч, түгээгч, үйлдвэрлэгчийн нэр | Жиком пресс |
| Хэвлэгдсэн он | 2007 |
| 300 ## - ТООНЫ МЭДЭЭ | |
| Хуудасны тоо | 124х |
| 336 ## - АГУУЛГЫН ТӨРӨЛ | |
| Нөөц | rdacontent |
| Агуулгын төрлийн нөхцөл | text |
| Агуулгын төрлийн код | txt |
| 337 ## - MEDIA TYPE | |
| Эх сурвалж | rdamedia |
| Файлын төрөл | unmediated |
| Файлын код | n |
| 338 ## - CARRIER TYPE | |
| Source | rdacarrier |
| Carrier type term | volume |
| Carrier type code | nc |
| 505 ## - FORMATTED CONTENTS NOTE | |
| Title | Р.Чойномын номын сан-16; |
| 942 ## - ЭЛЕМЕНТИЙН ТӨРӨЛ | |
| Төрөл | Ном |
| Буцаан татагдсан төлөв | Хасагдсан шалтгаан | Гэмтсэн төлөв | Данс заагч | Захиалах боломжгүй | Үндсэн номын сан | Одоогийн байршил | Салбар танхим | Сан хөмрөг 5 | Бүртгэсэн огноо | Тавиурын заалт | Дансны дугаар | Баркод | Үнэ | Хамгийн сүүлд байсан огноо | Нийт уншлаганд гарсан тоо | Төрөл |
|---|---|---|---|---|---|---|---|---|---|---|---|---|---|---|---|---|
| Сэлэнгэ мандал | Сэлэнгэ мандал | Сэлэнгэ мандал | ҮФ | Сэлэнгэ мандал | ҮФ | 2024-11-12 | 83 Н-923 | 1030542 | SE0151030542 | 5500.00 | 2024-11-12 | Ном |